[Event "Corsica Coca Cola blitz op"]
[Site "Bastia"]
[Date "2017.10.24"]
[Round "8"]
[White "Kosteniuk, Alexandra"]
[Black "Flom, Gabriel"]
[Result "1-0"]
[WhiteElo "2552"]
[BlackElo "2448"]
[PlyCount "141"]
[EventDate "2017.10.24"]
[EventType "swiss (blitz)"]
[EventRounds "9"]
[EventCountry "FRA"]
[SourceTitle "CBM 181 Extra"]
[Source "ChessBase"]
[SourceDate "2017.12.12"]
[SourceVersion "1"]
[SourceVersionDate "2017.12.12"]
[SourceQuality "1"]

1. e4 c5 2. c3 e6 3. d4 d5 4. exd5 exd5 5. Nf3 Nf6 6. Bb5+ Bd7 7. Bxd7+ Nbxd7
8. O-O Be7 9. dxc5 Nxc5 10. Nbd2 O-O 11. Nb3 h6 12. Be3 Nce4 13. h3 Re8 14. Qd3
a6 15. Rad1 Qc7 16. Nfd4 Qd7 17. Ne2 Bd6 18. Nf4 Bxf4 19. Bxf4 Qf5 20. Be3 Rad8
21. Nd4 Qd7 22. Ne2 Qa4 23. Qb1 Qc6 24. Rd4 Nd6 25. b3 Nfe4 26. Rd3 Nf5 27.
Rfd1 Nf6 28. Nd4 Nxd4 29. Bxd4 Ne4 30. Qb2 Rc8 31. Rf3 Re6 32. Re3 Rce8 33.
Rde1 Nd6 34. Rxe6 Rxe6 35. Rxe6 fxe6 36. Be5 Nf7 37. Qe2 Nxe5 38. Qxe5 a5 39.
g4 a4 40. Qd4 axb3 41. axb3 Qb5 42. Qe5 Qxb3 43. Qxe6+ Kh7 44. Qf5+ Kg8 45.
Qc8+ Kh7 46. Kg2 b5 47. h4 Qc4 48. Qf5+ Kg8 49. Qe6+ Kh7 50. g5 Qe4+ 51. Qxe4+
dxe4 52. Kg3 hxg5 53. hxg5 Kg6 54. Kf4 Kh5 55. Kf5 Kh4 56. g6 Kh5 57. Kxe4 Kxg6
58. Kd5 Kf5 59. Kc5 Kf4 60. Kxb5 Kf3 61. c4 Kxf2 62. c5 g5 63. c6 g4 64. c7 g3
65. c8=Q g2 66. Qf5+ Ke2 67. Qe4+ Kf2 68. Qf4+ Ke1 69. Qe3+ Kf1 70. Qf3+ Kg1
71. Kc4 1-0

[Event "Corsica Coca Cola blitz op"]
[Site "Bastia"]
[Date "2017.10.24"]
[Round "9"]
[White "Kosteniuk, Alexandra"]
[Black "Fier, Alexandr"]
[Result "1-0"]
[WhiteElo "2552"]
[BlackElo "2573"]
[PlyCount "95"]
[EventDate "2017.10.24"]
[EventType "swiss (blitz)"]
[EventRounds "9"]
[EventCountry "FRA"]
[SourceTitle "CBM 181 Extra"]
[Source "ChessBase"]
[SourceDate "2017.12.12"]
[SourceVersion "1"]
[SourceVersionDate "2017.12.12"]
[SourceQuality "1"]

1. e4 Nf6 2. e5 Nd5 3. d4 d6 4. Nf3 g6 5. Bc4 Nb6 6. Bb3 Bg7 7. O-O O-O 8. Re1
Nc6 9. exd6 cxd6 10. c3 Bf5 11. Bg5 h6 12. Be3 Na5 13. Bc2 Bxc2 14. Qxc2 Nac4
15. Bc1 Rc8 16. Nbd2 e5 17. Nxc4 Nxc4 18. dxe5 dxe5 19. b3 Nb6 20. Ba3 Re8 21.
Rad1 Qc7 22. c4 Rcd8 23. Rxd8 Rxd8 24. Bb2 Re8 25. h3 Nd7 26. Nd2 b5 27. Rc1
bxc4 28. Nxc4 Qc6 29. Qe2 Qe6 30. Rd1 Nc5 31. Rd6 Qf5 32. Rd5 Qb1+ 33. Qd1
Qxd1+ 34. Rxd1 e4 35. Bxg7 Kxg7 36. Rd5 Na6 37. Rd7 Nc5 38. Rxa7 g5 39. Nd6 Re6
40. Nxf7 Kg6 41. b4 Nd3 42. b5 Rf6 43. Nh8+ Kh5 44. Rf7 Rd6 45. Rf5 Nc1 46. a4
Ne2+ 47. Kh2 Rd1 48. g4+ 1-0

[Event "EU-chT (Women) 21st"]
[Site "Heraklion"]
[Date "2017.10.29"]
[Round "2.1"]
[White "Worek, Joanna"]
[Black "Kosteniuk, Alexandra"]
[Result "0-1"]
[WhiteElo "2299"]
[BlackElo "2552"]
[PlyCount "84"]
[EventDate "2017.10.28"]
[EventType "team-swiss"]
[EventRounds "9"]
[EventCountry "GRE"]
[SourceTitle "CBM 181 Extra"]
[Source "ChessBase"]
[SourceDate "2017.12.12"]
[SourceVersion "1"]
[SourceVersionDate "2017.12.12"]
[SourceQuality "1"]
[WhiteTeam "Czech Republic (W)"]
[BlackTeam "Russia (W)"]
[WhiteTeamCountry "CZE"]
[BlackTeamCountry "RUS"]

1. e4 e5 2. Nf3 Nc6 3. Bc4 Bc5 4. d3 Nf6 5. O-O O-O 6. h3 a6 7. a4 d5 8. exd5
Nxd5 9. Re1 Nb6 10. Bb3 Bf5 11. Nbd2 Bg6 12. a5 Nd7 13. Ne4 Be7 14. c3 Kh8 15.
Bc4 h6 16. b4 f5 17. Ng3 f4 18. Nf1 Nf6 19. Nxe5 Nxe5 20. Rxe5 Bxb4 21. Qb3 Bd6
22. Re1 Rb8 23. Nh2 Bh5 24. Ba3 f3 25. Bxd6 cxd6 26. Bd5 fxg2 27. Bxg2 Bg6 28.
c4 Nh5 29. d4 Nf4 30. Qg3 Bd3 31. Kh1 Bxc4 32. Be4 Be6 33. Ng4 Qg5 34. Bg2 h5
35. Nh2 Qf6 36. Rad1 h4 37. Qf3 Bd5 38. Re4 Bxe4 39. Qxe4 Nxg2 40. Qxg2 Qxf2
41. Qd5 Qf5 42. Qg2 Rbe8 0-1

[Event "EU-chT (Women) 21st"]
[Site "Heraklion"]
[Date "2017.10.30"]
[Round "3.1"]
[White "Kosteniuk, Alexandra"]
[Black "Muzychuk, Anna"]
[Result "1/2-1/2"]
[WhiteElo "2552"]
[BlackElo "2576"]
[PlyCount "127"]
[EventDate "2017.10.28"]
[EventType "team-swiss"]
[EventRounds "9"]
[EventCountry "GRE"]
[SourceTitle "CBM 181 Extra"]
[Source "ChessBase"]
[SourceDate "2017.12.12"]
[SourceVersion "1"]
[SourceVersionDate "2017.12.12"]
[SourceQuality "1"]
[WhiteTeam "Russia (W)"]
[BlackTeam "Ukraine (W)"]
[WhiteTeamCountry "RUS"]
[BlackTeamCountry "UKR"]

1. e4 c5 2. Nf3 Nc6 3. Bb5 e6 4. O-O Nge7 5. Re1 a6 6. Bf1 d5 7. exd5 Nxd5 8.
d4 Nf6 9. Be3 Be7 10. c4 O-O 11. Nc3 cxd4 12. Nxd4 Bd7 13. Nb3 Qc7 14. Qf3 Rac8
15. Nd2 Bd6 16. h3 Be5 17. Nb3 Rfd8 18. Rad1 Be8 19. Rxd8 Rxd8 20. Rd1 Rxd1 21.
Qxd1 Bh2+ 22. Kh1 Bf4 23. Qd2 Bxe3 24. Qxe3 Ne5 25. Qd4 Nc6 26. Qc5 Nd7 27. Qe3
Nce5 28. Qd4 Nc6 29. Qe3 Nce5 30. Nd2 Qc5 31. Nde4 Qxe3 32. fxe3 Nf6 33. Nxf6+
gxf6 34. Ne4 Kg7 35. b4 Bc6 36. Nc5 Nd7 37. Nb3 f5 38. Na5 Be4 39. c5 Ne5 40.
a3 Kf6 41. Kh2 Ke7 42. Kg3 f6 43. Be2 Kd7 44. Kf2 Bd5 45. g3 Kc7 46. Ke1 Bg2
47. h4 Bf3 48. Bf1 Ng4 49. Bc4 e5 50. Bg8 Nxe3 51. Kf2 Bd5 52. Bxh7 f4 53. gxf4
exf4 54. Bd3 Ng4+ 55. Kf1 f5 56. a4 f3 57. h5 Bf7 58. Nc4 Bxh5 59. Bxf5 Bf7 60.
Bxg4 Bxc4+ 61. Kf2 Bb3 62. b5 Bxa4 63. bxa6 bxa6 64. Bxf3 1/2-1/2

[Event "EU-chT (Women) 21st"]
[Site "Heraklion"]
[Date "2017.10.31"]
[Round "4.1"]
[White "Dzagnidze, Nana"]
[Black "Kosteniuk, Alexandra"]
[Result "1/2-1/2"]
[WhiteElo "2520"]
[BlackElo "2552"]
[PlyCount "88"]
[EventDate "2017.10.28"]
[EventType "team-swiss"]
[EventRounds "9"]
[EventCountry "GRE"]
[SourceTitle "CBM 181 Extra"]
[Source "ChessBase"]
[SourceDate "2017.12.12"]
[SourceVersion "1"]
[SourceVersionDate "2017.12.12"]
[SourceQuality "1"]
[WhiteTeam "Georgia (W)"]
[BlackTeam "Russia (W)"]
[WhiteTeamCountry "GEO"]
[BlackTeamCountry "RUS"]

1. d4 d5 2. Nf3 Nf6 3. c4 c6 4. cxd5 cxd5 5. Nc3 Nc6 6. Bf4 Bf5 7. Qb3 Na5 8.
Qa4+ Bd7 9. Qc2 e6 10. e3 Bb4 11. Bd3 Nh5 12. Be5 f6 13. Bg3 Rc8 14. O-O Nxg3
15. hxg3 f5 16. Rac1 Bd6 17. Qb1 O-O 18. Ne2 Nc6 19. a3 Be8 20. Nd2 Bh5 21. b4
Qe7 22. Nb3 Bxe2 23. Bxe2 Nb8 24. Rc2 Rxc2 25. Qxc2 Nd7 26. Rc1 Nf6 27. Nc5 Rc8
28. Qb2 Rc7 29. Rc2 Qe8 30. Qc1 Qc8 31. Bd3 Kf7 32. Kf1 Ke7 33. Kg1 b6 34. Ba6
Qb8 35. Nd3 Rxc2 36. Qxc2 Qc7 37. Qxc7+ Bxc7 38. Kf1 Ne4 39. Ke1 g5 40. Ne5
Bxe5 41. dxe5 g4 42. Ke2 Nc3+ 43. Kd3 Ne4 44. Ke2 Nc3+ 1/2-1/2

[Event "EU-chT (Women) 21st"]
[Site "Heraklion"]
[Date "2017.11.01"]
[Round "5.1"]
[White "Kosteniuk, Alexandra"]
[Black "Vega Gutierrez, Sabrina Neide"]
[Result "1/2-1/2"]
[WhiteElo "2552"]
[BlackElo "2405"]
[PlyCount "95"]
[EventDate "2017.10.28"]
[EventType "team-swiss"]
[EventRounds "9"]
[EventCountry "GRE"]
[SourceTitle "CBM 181 Extra"]
[Source "ChessBase"]
[SourceDate "2017.12.12"]
[SourceVersion "1"]
[SourceVersionDate "2017.12.12"]
[SourceQuality "1"]
[WhiteTeam "Russia (W)"]
[BlackTeam "Spain (W)"]
[WhiteTeamCountry "RUS"]
[BlackTeamCountry "ESP"]

1. e4 c5 2. Nf3 e6 3. d4 cxd4 4. Nxd4 Nc6 5. Nc3 Qc7 6. Be2 a6 7. Be3 Nf6 8.
O-O Be7 9. f4 d6 10. Qe1 O-O 11. Qg3 Nxd4 12. Bxd4 b5 13. a3 Bb7 14. Kh1 Bc6
15. Rae1 Rac8 16. b4 Kh8 17. Bd3 Nh5 18. Qh3 e5 19. fxe5 dxe5 20. Nd5 Bxd5 21.
exd5 exd4 22. Qxh5 g6 23. Qg4 Bd6 24. Qxd4+ Kg8 25. Qh4 Rfe8 26. Rxe8+ Rxe8 27.
c4 bxc4 28. Qxc4 Qe7 29. g3 Qe5 30. Kg1 Re7 31. Qf4 Qxd5 32. Bc4 Bxf4 33. Bxd5
Be5 34. Bc4 Ra7 35. Rd1 Bb2 36. a4 Bc3 37. Rd8+ Kg7 38. Rb8 Be5 39. Rd8 Bc3 40.
b5 axb5 41. axb5 Ba5 42. Rd6 Kf8 43. Bd5 Ke7 44. Rc6 Rd7 45. Ra6 Rxd5 46. Rxa5
Rd2 47. Ra7+ Ke6 48. Ra6+ 1/2-1/2

[Event "EU-chT (Women) 21st"]
[Site "Heraklion"]
[Date "2017.11.03"]
[Round "6.1"]
[White "Socko, Monika"]
[Black "Kosteniuk, Alexandra"]
[Result "1/2-1/2"]
[WhiteElo "2479"]
[BlackElo "2552"]
[PlyCount "104"]
[EventDate "2017.10.28"]
[EventType "team-swiss"]
[EventRounds "9"]
[EventCountry "GRE"]
[SourceTitle "CBM 181 Extra"]
[Source "ChessBase"]
[SourceDate "2017.12.12"]
[SourceVersion "1"]
[SourceVersionDate "2017.12.12"]
[SourceQuality "1"]
[WhiteTeam "Poland (W)"]
[BlackTeam "Russia (W)"]
[WhiteTeamCountry "POL"]
[BlackTeamCountry "RUS"]

1. d4 Nf6 2. c4 e6 3. Nc3 Bb4 4. Qc2 c5 5. dxc5 O-O 6. a3 Bxc5 7. Nf3 a6 8. Bf4
b5 9. e3 b4 10. axb4 Bxb4 11. Be2 d5 12. O-O dxc4 13. Rfd1 Qe7 14. Ne5 Bb7 15.
Nxc4 Ra7 16. Bd6 Bxd6 17. Nxd6 Ba8 18. e4 Qc7 19. Qd2 Qb6 20. Na4 Qd8 21. Nc5
Bc6 22. Bc4 Qb6 23. Nxe6 fxe6 24. Bxe6+ Kh8 25. Nc8 Qc7 26. Nxa7 Qxa7 27. Qd6
Re8 28. Rac1 Nxe4 29. Qf4 Qe7 30. Bf5 Nf6 31. h3 g6 32. Re1 Qxe1+ 33. Rxe1
Rxe1+ 34. Kh2 gxf5 35. Qxb8+ Kg7 36. Qa7+ Bd7 37. Qxa6 Re6 38. Qa5 Re2 39. Qc3
f4 40. Qd4 Re4 41. Qd6 Kf7 42. f3 Rc4 43. b3 Rc3 44. Qb4 Re3 45. Qc4+ Be6 46.
Qc7+ Kg6 47. Qxf4 Rxb3 48. Qe5 Bd5 49. Qg3+ Kf7 50. Qc7+ Kg6 51. Qg3+ Kf7 52.
Qc7+ Kg6 1/2-1/2

[Event "EU-chT (Women) 21st"]
[Site "Heraklion"]
[Date "2017.11.04"]
[Round "7.1"]
[White "Kosteniuk, Alexandra"]
[Black "Brunello, Marina"]
[Result "1-0"]
[WhiteElo "2552"]
[BlackElo "2353"]
[PlyCount "101"]
[EventDate "2017.10.28"]
[EventType "team-swiss"]
[EventRounds "9"]
[EventCountry "GRE"]
[SourceTitle "CBM 181 Extra"]
[Source "ChessBase"]
[SourceDate "2017.12.12"]
[SourceVersion "1"]
[SourceVersionDate "2017.12.12"]
[SourceQuality "1"]
[WhiteTeam "Russia (W)"]
[BlackTeam "Italy (W)"]
[WhiteTeamCountry "RUS"]
[BlackTeamCountry "ITA"]

1. e4 c5 2. Nf3 d6 3. d4 cxd4 4. Nxd4 Nf6 5. Nc3 a6 6. Bg5 Nbd7 7. Bc4 Qb6 8.
Bb3 e6 9. a4 Qa5 10. Qd2 Be7 11. f3 Nc5 12. Ba2 O-O 13. O-O Qc7 14. a5 b5 15.
axb6 Qxb6 16. Be3 Qc7 17. Rfd1 Rb8 18. Rab1 Bb7 19. Qf2 Rfc8 20. Qg3 Nh5 21.
Qh3 Nf6 22. Nce2 a5 23. Nb5 Qb6 24. Nbc3 Qc7 25. Nf4 Ba8 26. Kh1 Re8 27. Rd2
Bf8 28. Qh4 Ncd7 29. Qf2 Ne5 30. Qf1 Qc6 31. Bb3 Rb4 32. Rd4 Nfd7 33. Ba4 Qb7
34. Nb5 Rc8 35. c3 Rxd4 36. cxd4 Nc4 37. Bc1 Ncb6 38. Bb3 a4 39. Ba2 Qa6 40.
Bd2 e5 41. Bxf7+ Kxf7 42. Nxd6+ Bxd6 43. Qxa6 exf4 44. Ba5 Rb8 45. Rc1 g6 46.
h4 h5 47. Qb5 Ke6 48. Qg5 Nf8 49. Bxb6 Rxb6 50. Qd8 Rb8 51. d5+ 1-0

[Event "EU-chT (Women) 21st"]
[Site "Heraklion"]
[Date "2017.11.05"]
[Round "8.1"]
[White "Atalik, Ekaterina"]
[Black "Kosteniuk, Alexandra"]
[Result "0-1"]
[WhiteElo "2468"]
[BlackElo "2552"]
[PlyCount "74"]
[EventDate "2017.10.28"]
[EventType "team-swiss"]
[EventRounds "9"]
[EventCountry "GRE"]
[SourceTitle "CBM 181 Extra"]
[Source "ChessBase"]
[SourceDate "2017.12.12"]
[SourceVersion "1"]
[SourceVersionDate "2017.12.12"]
[SourceQuality "1"]
[WhiteTeam "Turkey (W)"]
[BlackTeam "Russia (W)"]
[WhiteTeamCountry "TUR"]
[BlackTeamCountry "RUS"]

1. d4 Nf6 2. c4 e6 3. Nf3 Bb4+ 4. Nbd2 O-O 5. a3 Be7 6. e4 d6 7. Be2 Nbd7 8.
O-O e5 9. d5 a5 10. b3 Nc5 11. Qc2 Nh5 12. g3 Bh3 13. Re1 f5 14. Bb2 Qe8 15. b4
Nxe4 16. Nxe4 fxe4 17. Nd2 axb4 18. axb4 Rxa1 19. Bxa1 e3 20. fxe3 Bg5 21. Qd3
Nf6 22. Bf3 Qf7 23. Qe2 Ng4 24. Bxg4 Bxg4 25. Qg2 Bh3 26. Qe2 Qg6 27. Rc1 h5
28. Kh1 Bg4 29. Qe1 Qh6 30. Rc3 h4 31. Kg1 Bh3 32. Bb2 Qh5 33. Bc1 Qg4 34. b5
b6 35. Kh1 Rf1+ 36. Qxf1 Bxf1 37. Nxf1 Qe2 0-1

[Event "EU-chT (Women) 21st"]
[Site "Heraklion"]
[Date "2017.11.06"]
[Round "9.1"]
[White "Danielian, Elina"]
[Black "Kosteniuk, Alexandra"]
[Result "0-1"]
[WhiteElo "2415"]
[BlackElo "2552"]
[PlyCount "74"]
[EventDate "2017.10.28"]
[EventType "team-swiss"]
[EventRounds "9"]
[EventCountry "GRE"]
[SourceTitle "CBM 181 Extra"]
[Source "ChessBase"]
[SourceDate "2017.12.12"]
[SourceVersion "1"]
[SourceVersionDate "2017.12.12"]
[SourceQuality "1"]
[WhiteTeam "Armenia (W)"]
[BlackTeam "Russia (W)"]
[WhiteTeamCountry "ARM"]
[BlackTeamCountry "RUS"]

1. d4 Nf6 2. c4 e6 3. Nc3 Bb4 4. Qc2 d5 5. cxd5 exd5 6. Bf4 c5 7. dxc5 Nc6 8.
e3 O-O 9. Nf3 Bxc5 10. Be2 d4 11. exd4 Nxd4 12. Nxd4 Qxd4 13. Bg3 Bg4 14. Rd1
Qb4 15. a3 Qb6 16. Bxg4 Nxg4 17. O-O Rac8 18. Qe2 Qg6 19. Qf3 f5 20. Nd5 Rce8
21. b4 Bd6 22. Bxd6 Qxd6 23. Nf4 Qh6 24. h3 Ne5 25. Qg3 Qc6 26. Rfe1 Nc4 27.
Rxe8 Rxe8 28. Rd5 Nd2 29. Rxd2 Qc1+ 30. Kh2 Qxd2 31. Nh5 Qd4 32. Qb3+ Kf8 33.
Qf3 g6 34. Nf4 Re4 35. g3 Re1 36. Ng2 Rc1 37. Qe2 Qd1 0-1

[Event "Huaian IMSA blitz (Women) 2nd"]
[Site "Huaian"]
[Date "2017.12.12"]
[Round "1.5"]
[White "Kosteniuk, Alexandra"]
[Black "Ushenina, Anna"]
[Result "1-0"]
[WhiteElo "2557"]
[BlackElo "2416"]
[PlyCount "79"]
[EventDate "2017.12.12"]
[EventType "tourn (blitz)"]
[EventRounds "22"]
[EventCountry "CHN"]
[SourceTitle "CBM 182 Extra"]
[Source "ChessBase"]
[SourceDate "2018.02.23"]
[SourceVersion "1"]
[SourceVersionDate "2018.02.23"]
[SourceQuality "1"]

1. e4 c5 2. c3 Nf6 3. e5 Nd5 4. d4 cxd4 5. Nf3 d6 6. cxd4 Nc6 7. Bc4 dxe5 8.
Bxd5 Qxd5 9. Nc3 Qd6 10. d5 Nd4 11. Nxd4 exd4 12. Qxd4 e5 13. Qd3 Bd7 14. O-O
f5 15. Qg3 Kf7 16. f4 e4 17. Be3 Be7 18. Bd4 Bf6 19. Be5 Qb6+ 20. Kh1 Rac8 21.
Rab1 Rhf8 22. d6 Be6 23. Bxf6 Kxf6 24. Qg5+ Kf7 25. Qe7+ Kg8 26. Qxe6+ Kh8 27.
Rfd1 Qf2 28. d7 Rcd8 29. Qe7 Kg8 30. Qe5 h5 31. Nd5 Kh7 32. Ne7 Rf6 33. Nxf5
Rg6 34. Rg1 Rxd7 35. Qxe4 h4 36. Ne7 Rxe7 37. Qxe7 h3 38. Qe4 Kh6 39. g4 Rd6
40. Rg3 1-0

[Event "Huaian IMSA blitz (Women) 2nd"]
[Site "Huaian"]
[Date "2017.12.12"]
[Round "2.3"]
[White "Zhao, Xue"]
[Black "Kosteniuk, Alexandra"]
[Result "0-1"]
[WhiteElo "2477"]
[BlackElo "2557"]
[PlyCount "176"]
[EventDate "2017.12.12"]
[EventType "tourn (blitz)"]
[EventRounds "22"]
[EventCountry "CHN"]
[SourceTitle "CBM 182 Extra"]
[Source "ChessBase"]
[SourceDate "2018.02.23"]
[SourceVersion "1"]
[SourceVersionDate "2018.02.23"]
[SourceQuality "1"]

1. Nf3 Nf6 2. c4 e6 3. b3 b6 4. g3 Bb7 5. Bg2 Be7 6. Bb2 O-O 7. O-O d5 8. cxd5
Nxd5 9. d3 a5 10. a3 Ra7 11. Nbd2 Nd7 12. Qc2 Qa8 13. Nc4 N5f6 14. e4 Nc5 15.
Nfe5 Rd8 16. Rad1 b5 17. Nxa5 Rxa5 18. b4 Rxa3 19. bxc5 Ra4 20. c6 Ba6 21. Ra1
Qb8 22. Bc3 Rxa1 23. Rxa1 b4 24. Rxa6 bxc3 25. Qxc3 Qb5 26. Ra7 Bc5 27. Rb7 Bb6
28. Bf1 Qa6 29. Kg2 h5 30. h4 Qa2 31. Rxb6 cxb6 32. d4 Nxe4 33. Qe3 Nf6 34. Qf3
Rc8 35. Bd3 Qd5 36. Ba6 Rc7 37. Bb7 b5 38. Qxd5 Nxd5 39. Nd3 b4 40. Nc5 Kf8 41.
Kf1 f5 42. Ke2 Kf7 43. Kd3 f4 44. Na6 Re7 45. Kc4 fxg3 46. fxg3 Ke8 47. Nxb4
Nxb4 48. Kxb4 Kd8 49. Kc5 Kc7 50. Ba6 Rf7 51. Bc4 Rf5+ 52. d5 exd5 53. Bxd5 Rf1
54. Kd4 Kd6 55. Be4 Rg1 56. Bg6 Rxg3 57. Bxh5 Rh3 58. Be8 Rxh4+ 59. Ke3 Rh8 60.
Bd7 Rf8 61. Ke4 g6 62. Ke3 g5 63. Ke4 Rf4+ 64. Ke3 Rc4 65. Kf3 Ke5 66. Kg3 Kf6
67. Kf3 Kg6 68. Kg3 Kf6 69. Kf3 Ke5 70. Kg3 Kd6 71. Kf3 Rf4+ 72. Kg3 Ke7 73.
Kg2 Rc4 74. Kg3 Rc3+ 75. Kg4 Kf6 76. Be8 Rc4+ 77. Kg3 g4 78. Kh4 Kf5 79. Bd7+
Kf4 80. Bxg4 Rxc6 81. Kh5 Rc5+ 82. Kh4 Rc7 83. Kh5 Rc5+ 84. Kh4 Rc1 85. Kh3
Rc3+ 86. Kh4 Rb3 87. Kh5 Rb5+ 88. Kh4 Rb8 0-1

[Event "Huaian IMSA blitz (Women) 2nd"]
[Site "Huaian"]
[Date "2017.12.12"]
[Round "3.4"]
[White "Kosteniuk, Alexandra"]
[Black "Harika, Dronavalli"]
[Result "1/2-1/2"]
[WhiteElo "2557"]
[BlackElo "2504"]
[PlyCount "90"]
[EventDate "2017.12.12"]
[EventType "tourn (blitz)"]
[EventRounds "22"]
[EventCountry "CHN"]
[SourceTitle "CBM 182 Extra"]
[Source "ChessBase"]
[SourceDate "2018.02.23"]
[SourceVersion "1"]
[SourceVersionDate "2018.02.23"]
[SourceQuality "1"]

1. e4 e6 2. d4 d5 3. exd5 exd5 4. Nf3 Nc6 5. h3 Bd6 6. c4 Bb4+ 7. Nc3 Nge7 8.
Bg5 h6 9. cxd5 hxg5 10. dxc6 Nxc6 11. Bb5 O-O 12. O-O g4 13. hxg4 Bxg4 14. Bxc6
bxc6 15. a3 Bxc3 16. bxc3 Qf6 17. Qd3 Bxf3 18. Qxf3 Qxf3 19. gxf3 Rab8 20. Rab1
Rfd8 21. Rfe1 Kf8 22. a4 Rb6 23. a5 Rb5 24. Rxb5 cxb5 25. Re5 c6 26. Rc5 Rd6
27. d5 cxd5 28. Rxb5 a6 29. Rb7 Rc6 30. Ra7 g6 31. Kg2 Kg7 32. Kg3 g5 33. Rd7
Rc5 34. Rd6 Rxa5 35. Kg4 Rc5 36. Rxa6 Rxc3 37. Rd6 Rd3 38. Kxg5 Rd2 39. f4 Rxf2
40. Rxd5 Rg2+ 41. Kf5 Rg6 42. Rd7 Rf6+ 43. Kg5 Rg6+ 44. Kf5 Rf6+ 45. Kg5 Rg6+
1/2-1/2

[Event "Huaian IMSA blitz (Women) 2nd"]
[Site "Huaian"]
[Date "2017.12.12"]
[Round "4.1"]
[White "Dzagnidze, Nana"]
[Black "Kosteniuk, Alexandra"]
[Result "1/2-1/2"]
[WhiteElo "2522"]
[BlackElo "2557"]
[PlyCount "137"]
[EventDate "2017.12.12"]
[EventType "tourn (blitz)"]
[EventRounds "22"]
[EventCountry "CHN"]
[SourceTitle "CBM 182 Extra"]
[Source "ChessBase"]
[SourceDate "2018.02.23"]
[SourceVersion "1"]
[SourceVersionDate "2018.02.23"]
[SourceQuality "1"]

1. Nf3 Nf6 2. c4 e6 3. b3 b6 4. Bb2 Bb7 5. g3 Be7 6. Bg2 O-O 7. O-O d5 8. cxd5
Nxd5 9. d4 c5 10. dxc5 Bxc5 11. Nc3 Nxc3 12. Bxc3 Nc6 13. Qc2 Qe7 14. Qb2 Ba3
15. Qb1 h6 16. Qe4 f5 17. Qa4 a6 18. Rfd1 b5 19. Qf4 g5 20. Qd2 Rfd8 21. Qc2
Nb4 22. Bxb4 Bxb4 23. Rxd8+ Rxd8 24. Rd1 Rc8 25. Qd3 Be4 26. Qe3 Bc5 27. Qd2
Qa7 28. e3 Qb7 29. Ne1 Bxg2 30. Nxg2 Be7 31. Qe2 Qe4 32. Ne1 f4 33. gxf4 gxf4
34. Qg4+ Kf7 35. Qh5+ Qg6+ 36. Qxg6+ Kxg6 37. exf4 Kf5 38. Ng2 Rd8 39. Rxd8
Bxd8 40. Kf1 Bc7 41. Ke2 Bxf4 42. h3 Bc7 43. Kd3 h5 44. f3 Bb6 45. Kc3 Bc5 46.
a4 Ke5 47. axb5 axb5 48. Kd3 Bd6 49. Ke3 Kf5 50. Nh4+ Kg5 51. Ng2 Kf5 52. Nh4+
Ke5 53. Ng2 Bc5+ 54. Kd3 Bf2 55. Kc3 Bc5 56. Kd3 Be7 57. Kc3 Kd5 58. Kd3 Bg5
59. Kc3 Kc5 60. Kd3 Kb4 61. Kc2 e5 62. Ne1 Bf4 63. Nd3+ Ka3 64. Nc5 Kb4 65.
Nd3+ Ka3 66. Nc5 Kb4 67. Nd3+ Ka3 68. Nc5 Kb4 69. Nd3+ 1/2-1/2

[Event "Huaian IMSA blitz (Women) 2nd"]
[Site "Huaian"]
[Date "2017.12.12"]
[Round "5.1"]
[White "Kosteniuk, Alexandra"]
[Black "Ju, Wenjun"]
[Result "1/2-1/2"]
[WhiteElo "2557"]
[BlackElo "2567"]
[PlyCount "95"]
[EventDate "2017.12.12"]
[EventType "tourn (blitz)"]
[EventRounds "22"]
[EventCountry "CHN"]
[SourceTitle "CBM 182 Extra"]
[Source "ChessBase"]
[SourceDate "2018.02.23"]
[SourceVersion "1"]
[SourceVersionDate "2018.02.23"]
[SourceQuality "1"]

1. e4 e6 2. d4 d5 3. exd5 exd5 4. Nf3 Nf6 5. Bd3 Bd6 6. Qe2+ Be6 7. c4 dxc4 8.
Bxc4 Qe7 9. Bxe6 Qxe6 10. Qxe6+ fxe6 11. Nc3 a6 12. O-O O-O 13. Re1 Re8 14. Bg5
Nc6 15. Ne4 Nxe4 16. Rxe4 h6 17. Bh4 g5 18. Bg3 Rad8 19. h4 Bxg3 20. fxg3 gxh4
21. gxh4 Rd5 22. Rg4+ Kf7 23. Rf1 Rf5 24. Re4 Rg8 25. Kh2 Ke7 26. Rc1 Kd6 27.
Ne5 Rf2 28. Nxc6 Rgxg2+ 29. Kh3 bxc6 30. Rce1 Rh2+ 31. Kg3 Rhg2+ 32. Kh3 Rg6
33. R1e2 Rxe2 34. Rxe2 Kd5 35. Rc2 Kxd4 36. Rxc6 Kd5 37. Rxa6 c6 38. Ra5+ Ke4
39. Rc5 e5 40. a4 Kd4 41. Rc1 c5 42. Rd1+ Kc4 43. Re1 Kd4 44. Rd1+ Kc4 45. Re1
Kd5 46. Rd1+ Kc4 47. Re1 Kd5 48. Rd1+ 1/2-1/2

[Event "Huaian IMSA blitz (Women) 2nd"]
[Site "Huaian"]
[Date "2017.12.12"]
[Round "6.5"]
[White "Muzychuk, Mariya"]
[Black "Kosteniuk, Alexandra"]
[Result "0-1"]
[WhiteElo "2544"]
[BlackElo "2557"]
[PlyCount "72"]
[EventDate "2017.12.12"]
[EventType "tourn (blitz)"]
[EventRounds "22"]
[EventCountry "CHN"]
[SourceTitle "CBM 182 Extra"]
[Source "ChessBase"]
[SourceDate "2018.02.23"]
[SourceVersion "1"]
[SourceVersionDate "2018.02.23"]
[SourceQuality "1"]

1. e4 e5 2. Nf3 Nc6 3. Bc4 Bc5 4. c3 Nf6 5. d3 O-O 6. O-O d5 7. exd5 Nxd5 8. a4
a6 9. a5 Kh8 10. Re1 f6 11. Qb3 Nde7 12. Nbd2 Ba7 13. Ne4 Bg4 14. Nh4 Rb8 15.
Be3 Bxe3 16. Rxe3 Nf5 17. Nxf5 Bxf5 18. Qc2 Ne7 19. b4 Nd5 20. Rf3 Bg6 21. Rd1
Nf4 22. Re1 Qd7 23. Nc5 Qc6 24. Qd2 Rbd8 25. Qe3 Rfe8 26. Rg3 Nd5 27. Qf3 Bf7
28. Qg4 g6 29. Qh4 Kg7 30. Rh3 h5 31. Rg3 Nf4 32. Bxf7 Kxf7 33. Ne4 Nxd3 34.
Rf3 Nf4 35. g3 Qxe4 36. Rfe3 Qg2# 0-1

[Event "Huaian IMSA blitz (Women) 2nd"]
[Site "Huaian"]
[Date "2017.12.12"]
[Round "7.2"]
[White "Kosteniuk, Alexandra"]
[Black "Tan, Zhongyi"]
[Result "0-1"]
[WhiteElo "2557"]
[BlackElo "2517"]
[PlyCount "64"]
[EventDate "2017.12.12"]
[EventType "tourn (blitz)"]
[EventRounds "22"]
[EventCountry "CHN"]
[SourceTitle "CBM 182 Extra"]
[Source "ChessBase"]
[SourceDate "2018.02.23"]
[SourceVersion "1"]
[SourceVersionDate "2018.02.23"]
[SourceQuality "1"]

1. e4 d6 2. d4 Nf6 3. Nc3 g6 4. Be3 c6 5. Qd2 Nbd7 6. Nf3 Bg7 7. Bh6 O-O 8.
Bxg7 Kxg7 9. O-O-O b5 10. e5 Nd5 11. Nxd5 cxd5 12. h4 h5 13. Bxb5 Rb8 14. Bxd7
Qxd7 15. Rhe1 Qa4 16. Kb1 Bf5 17. Re3 Rfc8 18. Ne1 dxe5 19. dxe5 d4 20. Rb3
Rxb3 21. axb3 Qxb3 22. Nd3 Qb5 23. e6 Bxe6 24. Qf4 Qc4 25. Ne1 Qa2+ 26. Kc1
Qa1+ 27. Kd2 Qxb2 28. Ke2 Qb5+ 29. Kd2 Rc4 30. Nd3 Qa5+ 31. Kc1 Bf5 32. Ne1 Ra4
0-1